Francisco Santa Cruz (1899-1957) (Record no. 177435)

MARC details
000 -LEADER
campo de control de longitud fija 01115nam a2200289 4500
001 - NÚMERO DE CONTROL
campo de control 177435
003 - IDENTIFICADOR DE NÚMERO DE CONTROL
campo de control ES-MaACL
005 - FECHA Y HORA DE LA ÚLTIMA TRANSACCIÓN
campo de control 20250828063301.0
008 - DATOS DE LONGITUD FIJA--INFORMACIÓN GENERAL
campo de control de longitud fija 110322s2009 sp acop |||| |bspa d
017 ## - NÚMERO DE COPYRIGHT O DE DEPÓSITO LEGAL
Número de copyright o de depósito legal S-672-2009
020 ## - NÚMERO INTERNACIONAL ESTÁNDAR DEL LIBRO
Número Internacional Estándar del Libro 978-84-7812-724-5
080 ## - NÚMERO DE LA CLASIFICACIÓN DECIMAL UNIVERSAL
Número de la Clasificación Decimal Universal 74 Santa Cruz, Francisco (083.824)
080 ## - NÚMERO DE LA CLASIFICACIÓN DECIMAL UNIVERSAL
Número de la Clasificación Decimal Universal 75 Santa Cruz, Francisco (083.824)
100 1# - ENTRADA PRINCIPAL--NOMBRE DE PERSONA
Nombre de persona Santa Cruz, Francisco,
Fechas asociadas al nombre 1899-1957
9 (RLIN) 157022
245 10 - MENCIÓN DEL TÍTULO
Título Francisco Santa Cruz (1899-1957)
Resto del título : la vanguardia oculta : mayo-octubre 2009 : [Museo de Arte Contemporáneo de Madrid].
246 34 - FORMA VARIANTE DEL TITULO
Título propio/Titulo breve Santa Cruz
260 ## - PUBLICACIÓN, DISTRIBUCIÓN, ETC.
Lugar de publicación, distribución, etc. Madrid :
Nombre del editor, distribuidor, etc. Ayuntamiento de Madrid,
Fecha de publicación, distribución, etc. [2009]
300 ## - DESCRIPCIÓN FÍSICA
Extensión 157 p. :
Otras características físicas il. col. y n., fot. ;
Dimensiones 24 cm.
500 ## - NOTA GENERAL
Nota general Cronología.
600 17 - PUNTO DE ACCESO ADICIONAL DE MATERIA--NOMBRE DE PERSONA
Nombre de persona Santa Cruz, Francisco,
Fechas asociadas al nombre 1899-1857-
Subdivisión de forma Exposiciones
Fuente del encabezamiento o término
9 (RLIN) 145811
655 #7 - TERMINO DE INDIZACIÓN--GENERO/FORMA
Fuente del término tgfbne
9 (RLIN) 193628
Datos o término principal de género/forma Catálogos de exposiciones
710 2# - ENTRADA AGREGADA--NOMBRE DE ENTIDAD CORPORATIVA
Nombre de entidad corporativa o nombre de jurisdicción como elemento de entrada Museo de Arte Contemporáneo (Madrid)
9 (RLIN) 5891
852 ## - LOCALIZACIÓN
Ubicación ES-MaACL
itemnumber 184254
Sublocalización o colección R.145518
Número de control de estantería A-11065
Signatura antigua Olim:N-4070
Ubicación en estantería Depósito 1
Encuadernación Donación: Editorial
942 ## - ELEMENTOS DE ENTRADA SECUNDARIOS (KOHA)
Fuente del sistema de clasificación o colocación Clasificación decimal universal
Tipo de ítem Koha Libro impreso
Holdings
Estatus retirado Estado de pérdida Fuente del sistema de clasificación o colocación Estado de daño No para préstamo Biblioteca de origen Biblioteca actual Ubicación en estantería Fecha de adquisición Fuente de adquisición Total de préstamos Signatura topográfica completa Código de barras Visto por última vez Precio de reemplazo Tipo de ítem Koha
    Clasificación decimal universal     Biblioteca del Ateneo de Madrid Biblioteca del Ateneo de Madrid Depósito 1 22/03/2011 Donación   A-11065 1186359 23/02/2023 23/02/2023 Libro impreso